000 00761nam a2200253Ia 4500
003 OSt
005 20220925223430.0
006 a|||||r|||| 00| 0
007 ta
008 220923b |||||||| |||| 00| 0 eng d
020 _a9780415 125512
_c2501.55
037 _b9022, 20/03/2007, Overseas Press
_cGeneral Book
040 _aRTL
_cRTL
_beng
041 _2eng
_aeng
082 _aX:57, P7
100 _aMacdonald Ronald
245 0 _aExchange rate economics
_b Theories and evidence
260 _aLondon
_bRoutledge
_c2007
300 _axi, 450p
_ccm.
500 _aBibliography p 405-439
650 _aEconomics
942 _hX:57, P7
_cGB
_2CC
999 _c579578
_d579578